Routledge Portuguese bilingual dictionary : Portuguese-English and English-Portuguese (Record no. 4035)

MARC details
000 -LEADER
fixed length control field 01424cam a2200397Ma 4500
001 - CONTROL NUMBER
control field ocn794717178
003 - CONTROL NUMBER IDENTIFIER
control field OCoLC
005 - DATE AND TIME OF LATEST TRANSACTION
control field 20230307103601.0
008 - FIXED-LENGTH DATA ELEMENTS--GENERAL INFORMATION
fixed length control field 090911s2011 enk d 000 0 eng d
010 ## - LIBRARY OF CONGRESS CONTROL NUMBER
LC control number 2009037931
020 ## - INTERNATIONAL STANDARD BOOK NUMBER
International Standard Book Number 9780203855393
Qualifying information (ebk)
020 ## - INTERNATIONAL STANDARD BOOK NUMBER
International Standard Book Number 9780415434331
Qualifying information (paperback)
020 ## - INTERNATIONAL STANDARD BOOK NUMBER
International Standard Book Number 0203855396
Qualifying information (ebk)
020 ## - INTERNATIONAL STANDARD BOOK NUMBER
International Standard Book Number 9780415434348
Qualifying information (hbk. ;
-- alk. paper)
020 ## - INTERNATIONAL STANDARD BOOK NUMBER
International Standard Book Number 0415434343
Qualifying information (hbk. ;
-- alk. paper)
035 ## - SYSTEM CONTROL NUMBER
System control number (OCoLC)794717178
040 ## - CATALOGING SOURCE
Original cataloging agency LVB
Language of cataloging fre
Transcribing agency TZ-ArACH
041 0# - LANGUAGE CODE
Language code of text/sound track or separate title por
-- eng
049 ## - LOCAL HOLDINGS (OCLC)
Holding library TZAA
050 00 - LIBRARY OF CONGRESS CALL NUMBER
Classification number REF PC5333
Item number .A59 2011
100 1# - MAIN ENTRY--PERSONAL NAME
Personal name Allen, Maria Fernanda.
245 14 - TITLE STATEMENT
Title Routledge Portuguese bilingual dictionary : Portuguese-English and English-Portuguese
Remainder of title Portuguese-English and English-Portuguese /
Statement of responsibility, etc Maria F. Allen.
246 30 - VARYING FORM OF TITLE
Title proper/short title Portuguese bilingual dictionary
250 ## - EDITION STATEMENT
Edition statement 1st ed.
260 ## - PUBLICATION, DISTRIBUTION, ETC. (IMPRINT)
Place of publication, distribution, etc Milton Park, Abingdon ;
-- New York :
Name of publisher, distributor, etc Routledge,
Date of publication, distribution, etc 2011.
300 ## - PHYSICAL DESCRIPTION
Extent xxiii, 753 p. ;
Dimensions 21 cm
650 #6 - SUBJECT ADDED ENTRY--TOPICAL TERM
Topical term or geographic name as entry element Portugais (Langue)
Form subdivision Dictionnaires anglais.
650 #6 - SUBJECT ADDED ENTRY--TOPICAL TERM
Topical term or geographic name as entry element Anglais (Langue)
Form subdivision Dictionnaires portugais.
650 #0 - SUBJECT ADDED ENTRY--TOPICAL TERM
Topical term or geographic name as entry element English language
Form subdivision Dictionaries
General subdivision Portuguese.
650 #0 - SUBJECT ADDED ENTRY--TOPICAL TERM
Topical term or geographic name as entry element Portuguese language
Form subdivision Dictionaries
General subdivision English.
650 #4 - SUBJECT ADDED ENTRY--TOPICAL TERM
Topical term or geographic name as entry element anglais (langue)
General subdivision portugais (langue)
Form subdivision [dictionnaire multilingue]
650 #7 - SUBJECT ADDED ENTRY--TOPICAL TERM
Topical term or geographic name as entry element English language.
Source of heading or term fast
650 #7 - SUBJECT ADDED ENTRY--TOPICAL TERM
Topical term or geographic name as entry element Portuguese language.
Source of heading or term fast
655 #7 - INDEX TERM--GENRE/FORM
Genre/form data or focus term Dictionaries.
Source of term fast
942 ## - ADDED ENTRY ELEMENTS (KOHA)
Source of classification or shelving scheme Library of Congress Classification
Koha item type Books
Holdings
Home library Current library Date acquired Full call number Barcode Koha item type
African Court on Human and Peoples' Rights Library African Court on Human and Peoples' Rights Library 08/11/2017 REF PC5333 .A59 10224483 (Hardback) Books
African Court on Human and Peoples' Rights Library African Court on Human and Peoples' Rights Library 30/01/2018 REF PC5333 .A59 10221476 Books
African Court on Human and Peoples' Rights Library African Court on Human and Peoples' Rights Library 26/09/2019 REF PC5333 .A59 10209778 Books

African Court on Human and Peoples' Rights | For Inquiries Contact » +255 272 510 510